00342nam a2200133Ia 4500008004100000041000800041082001400049100002000063245004500083250001400128260003200142300002700174365000700201240624s9999 xx 000 0 und d aeng a658.8 FOR aFORSYTH PATRICK aMARKETING AND SELLING PROFESSIONAL SERVI a(3rd ed.) c2004aNew DelhibKogan Page axxiv, : 311 : cm. ; 23 cRS